banner-ar

البطة البرية / (Record no. 34321)

MARC details
000 -الفاتح
حقل البيانات ثابتة الطول 00635nam a2200205Ia 4500
008 - عناصر البيانات ثابتة الطول - معلومات عامة
حقل البيانات ثابتة الطول 140319s9999 xx 000 0 ara d
040 ## - مصدر الفهرسة
وكالة الفهرسة الأصلية GCL /
وكالة النسخ GCL
082 04 - رقم تصنيف ديوى العشرى
رقم التصنيف 839.82
رقم المادة ا ب
100 1# - المدخل الرئيسى - إسم شخصى
الإسم الشخصى كامل يوسف حسين
245 10 - بيان العنوان
العنوان البطة البرية /
بيان المسئوليه,etc كامل يوسف حسين
700 1# - المدخل الاضافى - اسم شخصى
الإسم الشخصى ابسن، هنريك
700 1# - المدخل الاضافى - اسم شخصى
الإسم الشخصى عبدالحليم البشلاوى
300 ## - الوصف المادى
التعداد 182 ص
490 ## - بيان السلسلة
عنوان السلسلة مكتبة الفنون الدرامية
رقم المجلد/ التعيين التسلسلي 0
650 04 - المدخل الاضافى بالموضوع-مصطلح موضوعى
مصطلح موضوعي الادب النرويجى
650 04 - المدخل الاضافى بالموضوع-مصطلح موضوعى
مصطلح موضوعي المسرحيات النرويجية
942 ## - عناصر المدخل الإضافي( كوها)
مصدر التصنيف او مخطط الترفيف Dewey Decimal Classification
Koha [default] item type كتاب
260 ## - PUBLICATION, DISTRIBUTION, ETC. (IMPRINT)
-- [S.N] :
-- مكتبة مصر
Holdings
حالة التراجع حالة الفقد حالة تلف ليس للاعارة المكان المؤقت الموقع الحالى تاريخ الاكتساب اجمالي اﻻعارات رقم الطلب الباركود تاريخ اخر مشاهدة تاريخ تفعيل السعر نوع وعاء كوها
        مكتبة القاهرة الكبرى مكتبة القاهرة الكبرى 03/26/2014   839.82\ا ب 81541 03/26/2014 03/26/2014 كتاب
        مكتبة القاهرة الكبرى مكتبة القاهرة الكبرى 03/26/2014   839.82\ا ب 81542 03/26/2014 03/26/2014 كتاب

Powered By

EGPV